Cargando...

Personnel profession in transition

Detalles Bibliográficos
Autor Principal: Akhilesh, K B
Outros autores: Sekar, R
Formato: Printed Book
Idioma:Undetermined
English
Publicado: New Delhi Wiley Eastern Ltd 1990
Subjects:
LEADER 00646nam a2200205Ia 4500
008 140306s9999 xx 000 0 und d
020 |a 81 224 0289 5 
041 |a eng 
082 |a 658 .3  |b AKH/PE 
100 |a Akhilesh, K B 
245 |a Personnel profession in transition 
260 |a New Delhi  |b Wiley Eastern Ltd  |c  1990 
300 |a 115 
365 |b Rs .180 
650 |a Human resource planning 
650 |a personnel management 
700 |a Sekar, R 
942 |2 ddc  |c BK 
999 |c 179238  |d 179238 
952 |0 0  |1 0  |2 ddc  |4 0  |6 658_000000000000000__3_AKH_PE  |7 0  |9 184361  |a KAUCBV  |b KAUCBV  |d 2004-03-02  |g 180.00  |o 658 .3 AKH/PE  |r 2014-03-22  |w 2014-03-22  |y BK